Química orgánica básica / (Record no. 34818)

MARC details
000 -LEADER
campo de control de longitud fija 00779nam a2200229 i 4500
001 - NÚMERO DE CONTROL
campo de control 34818
003 - IDENTIFICADOR DE NÚMERO DE CONTROL
campo de control ES-MaACL
005 - FECHA Y HORA DE LA ÚLTIMA TRANSACCIÓN
campo de control 20250904060218.0
007 - CAMPO FIJO DE DESCRIPCIÓN FÍSICA--INFORMACIÓN GENERAL
campo de control de longitud fija t|
008 - DATOS DE LONGITUD FIJA--INFORMACIÓN GENERAL
campo de control de longitud fija 030211s1974 sp ||||1| spa d
100 1# - ENTRADA PRINCIPAL--NOMBRE DE PERSONA
Nombre de persona Bonner, William A.
9 (RLIN) 30255
245 10 - MENCIÓN DEL TÍTULO
Título Química orgánica básica /
Mención de responsabilidad, etc. por William A. Bonner, Albert J. Castro ; [traducción, R. Pérez Álvarez-Osorio y F. Fernández González].
250 ## - MENCION DE EDICION
Mención de edición 3ª ed.
260 ## - PUBLICACIÓN, DISTRIBUCIÓN, ETC.
Lugar de publicación, distribución, etc. Madrid :
Nombre del editor, distribuidor, etc. Alhambra,
Fecha de publicación, distribución, etc. 1974.
300 ## - DESCRIPCIÓN FÍSICA
Extensión XV, 599 p. :
Otras características físicas il. ;
Dimensiones 24 cm.
650 #7 - PUNTO DE ACCESO ADICIONAL DE MATERIA--TÉRMINO DE MATERIA
Término de materia o nombre geográfico como elemento de entrada Química orgánica
Fuente del encabezamiento o término embne
9 (RLIN) 136799
700 1# - ENTRADA AGREGADA--NOMBRE PERSONAL
Nombre de persona Castro, Albert J.
9 (RLIN) 36825
700 1# - ENTRADA AGREGADA--NOMBRE PERSONAL
Nombre de persona Pérez Álvarez-Osorio, Rafael.
9 (RLIN) 90638
700 1# - ENTRADA AGREGADA--NOMBRE PERSONAL
Nombre de persona Fernández González, Franco.
9 (RLIN) 49828
852 ## - LOCALIZACIÓN
Ubicación ES-MaACL
Número de control de estantería C-56480
Holdings
Estatus retirado Estado de pérdida Estado de daño No para préstamo Biblioteca de origen Biblioteca actual Ubicación en estantería Fecha de adquisición Fuente de adquisición Total de préstamos Signatura topográfica completa Código de barras Visto por última vez Precio de reemplazo Tipo de ítem Koha
        Biblioteca del Ateneo de Madrid Biblioteca del Ateneo de Madrid Depósito 2 17/01/2008     C-56480 1036345 23/02/2023 23/02/2023 Libro impreso